|
|
|
|
| LEADER |
00000nam a2200000Ia 4500 |
| 001 |
5275 |
| 003 |
009747 |
| 005 |
20221231144121.0 |
| 008 |
140114s2006 cr a m 000 ||s d |
| 040 |
|
|
|c cru CEDI
|
| 100 |
|
|
|a Alvarado Montero, Rodolfo
|9 5564
|
| 245 |
|
|
|a Manejo de inundaciones en el Valle de la Estrella mediante un modelo de flujo bidimensional no permanente
|
| 260 |
|
|
|c San José, C.R.
|b 2006
|
| 300 |
|
|
|a 86 hojas : ilustraciones a color, fotografías color, mapas color
|
| 500 |
|
|
|a Tesis (licenciado en ingeniería civil)--Universidad de Costa Rica. Escuela de Ingeniería Civil
|
| 650 |
|
|
|x INUNDACIONES
|x CONTROL DE INUNDACIONES
|x HIDRAULICA
|x HIDROLOGIA
|x DINAMICA DE FLUIDOS
|x ECUACIONES DE NAVIER-STOKES
|x SOLUCIONES NUMERICAS
|x VALLE DE LA ESTRELLA (LIMON, COSTA RICA)
|x CUENCA DEL RIO LA ESTRELLA (COSTA RICA)
|9 5565
|
| 942 |
|
|
|c TFG
|2 ddc
|
| 999 |
|
|
|c 17149
|d 17149
|